000 00378 a2200157 4500
001 188692
020 _a958-04-6289-5
040 _cMagnum
100 _aBrieva, Andrés Castillo
240 1 0 _aLos tres pelos de oro del diablo
_lESP
245 1 0 _aLos tres pelos de oro del diablo
300 _a12
362 0 _a2002
697 _aLITERATURA INFANTIL ESPANHOLA
942 _cBK
999 _c188692
_d188692